Ekonomiczne aspekty transformacji gospodarczej w Polsce Materialy z konferencji naukowej... Wroclaw, 7 grudnia 1995
Guardado en:
| Formato: | Libro |
|---|---|
| Lenguaje: | polaco |
| Publicado: |
Wroclaw
Wydawnictwo Akademii Ekonomicznej im. Oskara Langego
1996
|
| Colección: | Materialy Konferencyjne
|
| Etiquetas: |
Sin Etiquetas, Sea el primero en etiquetar este registro!
|
MARC
| LEADER | 00000nam a2200000 4500 | ||
|---|---|---|---|
| 001 | c018541 | ||
| 005 | 20260120094819.0 | ||
| 041 | 0 | |a pol | |
| 044 | |a PL | ||
| 245 | 1 | 0 | |a Ekonomiczne aspekty transformacji gospodarczej w Polsce |b Materialy z konferencji naukowej... Wroclaw, 7 grudnia 1995 |c Ved. red. Boguslaw Fiedor, Bozena Klimczak |
| 264 | 1 | |a Wroclaw |b Wydawnictwo Akademii Ekonomicznej im. Oskara Langego |c 1996 | |
| 300 | |a 271 s. | ||
| 490 | 1 | |a Materialy Konferencyjne | |
| 830 | 0 | |a Materialy Konferencyjne | |